[Event "Nuremberg Zabo op 15th"]
[Site "Nuremberg"]
[Date "2013.09.22"]
[Round "5"]
[White "Neuner, Johannes"]
[Black "Saathoff, Richard"]
[Result "0-1"]
[WhiteElo "1948"]
[BlackElo "2077"]
[PlyCount "114"]
[EventDate "2013.09.20"]
[EventType "swiss"]
[EventRounds "5"]
[EventCountry "GER"]
[SourceTitle "EXT 2016"]
[Source "ChessBase"]
[SourceDate "2015.10.08"]
[SourceVersion "1"]
[SourceVersionDate "2015.10.08"]
[SourceQuality "1"]

1. d4 Nf6 2. c4 g6 3. g3 Bg7 4. Bg2 d6 5. Nc3 0-0 6. Nf3 Nbd7 7. 0-0 e5 8. h3 a6 9. Re1 Rb8 10. a4 a5 11. e4 exd4 12. Nxd4 Nc5 13. Be3 Re8 14. Qc2 Bd7 15. Rad1 Qc8 16. Kh2 Re7 17. b3 h6 18. f4 Qf8 19. Bf2 Rbe8 20. e5 dxe5 21. Nf3 Bf5 22. Qe2 exf4 23. Bxc5 fxg3+ 24. Kxg3 Nh5+ 25. Kh2 Rxe2 26. Bxf8 Rxe1 27. Rxe1 Kxf8 28. Rxe8+ Kxe8 29. Nb5 Kd7 30. Nfd4 Be5+ 31. Kg1 c6 32. Nxf5 gxf5 33. Na3 Ke6 34. Nc2 Bc3 35. Kf2 Ke5 36. Ke3 Nf4 37. Bf1 Ne6 38. Kd3 Bb2 39. Ne1 Kf4 40. Ng2+ Kg3 41. Ne3 Kf4 42. Ng2+ Ke5 43. Be2 Nc5+ 44. Kc2 Bd4 45. Bh5 f6 46. Nh4 Bf2 47. Ng6+ Ke4 48. Ne7 f4 49. Ng8 Bd4 50. Nxh6 f3 51. Bg4 Kf4 52. Bh5 Be5 53. Nf7 Ne6 54. Kd3 Nd4 55. Nd8 b6 56. Bg4 Kg3 57. Ke3 f2 0-1

[Event "Nuremberg Zabo op 15th"]
[Site "Nuremberg"]
[Date "2013.09.21"]
[Round "2"]
[White "Meijers, Viesturs"]
[Black "Neuner, Johannes"]
[Result "1-0"]
[WhiteElo "2395"]
[BlackElo "1948"]
[PlyCount "66"]
[EventDate "2013.09.20"]
[EventType "swiss"]
[EventRounds "5"]
[EventCountry "GER"]
[SourceTitle "EXT 2016"]
[Source "ChessBase"]
[SourceDate "2015.10.08"]
[SourceVersion "1"]
[SourceVersionDate "2015.10.08"]
[SourceQuality "1"]

1. c4 c6 2. b3 d5 3. Bb2 Nf6 4. Nf3 Bf5 5. g3 e6 6. Bg2 Bd6 7. 0-0 0-0 8. d3 Nbd7 9. Nc3 h6 10. Re1 Bh7 11. e4 dxe4 12. dxe4 Ne5 13. Qe2 Nxf3+ 14. Qxf3 e5 15. a3 a5 16. h3 Qe7 17. Qe2 Rfd8 18. Red1 Bc5 19. Rxd8+ Rxd8 20. Kh2 Bd4 21. f3 Nd7 22. Qc2 Nf8 23. Ne2 Bc5 24. Qc3 b6 25. Qxe5 Qxe5 26. Bxe5 Rd2 27. Nf4 f5 28. exf5 Bxf5 29. g4 Bc2 30. Ra2 Be3 31. b4 g5 32. Nh5 Ng6 33. Bc3 Nh4 1-0

[Event "Karl Mala Memorial op 15th"]
[Site "Frankfurt"]
[Date "2012.07.06"]
[Round "2"]
[White "Neuner, Johannes"]
[Black "Sandten, Ulrich"]
[Result "0-1"]
[WhiteElo "1992"]
[BlackElo "2093"]
[PlyCount "68"]
[EventDate "2012.07.05"]
[EventType "swiss"]
[EventRounds "7"]
[EventCountry "GER"]
[SourceTitle "CBM 149 Extra"]
[Source "ChessBase"]
[SourceDate "2012.08.24"]
[SourceVersion "1"]
[SourceVersionDate "2012.08.24"]
[SourceQuality "1"]

1. d4 d5 2. c4 dxc4 3. e3 e6 4. Bxc4 Nf6 5. Nf3 c5 6. 0-0 a6 7. Bb3 b5 8. a4 b4 9. Qc2 Bb7 10. Rd1 Qc7 11. Nbd2 Be7 12. e4 0-0 13. e5 Nd5 14. Ne4 Nd7 15. Neg5 g6 16. h4 Rac8 17. h5 cxd4 18. Qe2 Nc5 19. Bc4 d3 20. Bxd3 Nxd3 21. Qxd3 Qc2 22. hxg6 hxg6 23. Nd4 Qxd3 24. Rxd3 Rxc1+ 25. Rxc1 Bxg5 26. Rc5 Be7 27. Rc1 Rc8 28. Rxc8+ Bxc8 29. Nc6 Bc5 30. Rf3 Bb6 31. Rd3 Bb7 32. Nd4 Nf4 33. Rd2 Bxd4 34. Rxd4 Ne2+ 0-1

[Event "Karl Mala Memorial op 15th"]
[Site "Frankfurt"]
[Date "2012.07.05"]
[Round "1"]
[White "Zobel, Thomas"]
[Black "Neuner, Johannes"]
[Result "1/2-1/2"]
[WhiteElo "2082"]
[BlackElo "1992"]
[PlyCount "61"]
[EventDate "2012.07.05"]
[EventType "swiss"]
[EventRounds "7"]
[EventCountry "GER"]
[SourceTitle "CBM 149 Extra"]
[Source "ChessBase"]
[SourceDate "2012.08.24"]
[SourceVersion "1"]
[SourceVersionDate "2012.08.24"]
[SourceQuality "1"]

1. e4 c6 2. d4 d5 3. e5 c5 4. dxc5 e6 5. Nf3 Bxc5 6. Bd3 Nc6 7. 0-0 Nge7 8. c3 Ng6 9. Qe2 Qc7 10. Re1 0-0 11. b4 Be7 12. b5 Na5 13. Ng5 Bd7 14. Qh5 Bxg5 15. Bxg5 Nc4 16. Bxc4 Qxc4 17. a4 a6 18. Re3 h6 19. Nd2 Qc7 20. Bxh6 gxh6 21. Qxh6 axb5 22. a5 Rxa5 23. Rxa5 Qxa5 24. Rg3 Qa1+ 25. Nf1 Qb1 26. h4 Ra8 27. h5 Ra1 28. Kh2 Qxf1 29. Rxg6+ fxg6 30. Qxg6+ Kf8 31. Qf6+ 1/2-1/2

[Event "Baden-ch op U2000 "]
[Site "Emmendingen"]
[Date "2012.06.09"]
[Round "4"]
[White "Neuner, Johannes"]
[Black "Rahnfeld, Jens"]
[Result "0-1"]
[WhiteElo "1989"]
[BlackElo "1849"]
[PlyCount "72"]
[EventDate "2012.06.07"]
[EventType "swiss"]
[EventRounds "7"]
[EventCountry "GER"]
[SourceTitle "EXT 2013"]
[Source "ChessBase"]
[SourceDate "2012.11.22"]
[SourceVersion "1"]
[SourceVersionDate "2012.11.22"]
[SourceQuality "1"]

1. d4 d5 2. c4 e6 3. Nf3 Nf6 4. g3 Be7 5. Bg2 0-0 6. 0-0 Nbd7 7. Qc2 b6 8. cxd5 exd5 9. Nc3 Bb7 10. Rd1 Re8 11. Bf4 Nh5 12. Be3 Nf8 13. Ne5 c6 14. Rac1 Bd6 15. Bf3 Nf6 16. Nd3 Ng6 17. Bg5 h6 18. Bxf6 Qxf6 19. Ne1 Bb4 20. Bg2 h5 21. e3 h4 22. Nd3 Bxc3 23. Qxc3 hxg3 24. hxg3 Qf5 25. b4 Re6 26. a4 Ne7 27. Ne5 Rh6 28. Qd3 Qh5 29. Rd2 a5 30. b5 c5 31. Qe2 Qh2+ 32. Kf1 Bc8 33. Qf3 Rf6 34. Ng4 Bxg4 35. Qxg4 Nf5 36. Bf3 Nxe3+ 0-1

[Event "Karl Mala Memorial op 14th"]
[Site "Frankfurt"]
[Date "2011.07.09"]
[Round "5"]
[White "Schellen, Sven"]
[Black "Neuner, Johannes"]
[Result "0-1"]
[WhiteElo "1749"]
[BlackElo "1953"]
[PlyCount "120"]
[EventDate "2011.07.07"]
[EventType "swiss"]
[EventRounds "7"]
[EventCountry "GER"]
[SourceTitle "EXT 2012"]
[Source "ChessBase"]
[SourceDate "2011.11.24"]
[SourceVersion "1"]
[SourceVersionDate "2011.11.24"]
[SourceQuality "1"]

1. d4 d5 2. c4 c6 3. Nc3 dxc4 4. a4 Nf6 5. e3 Bf5 6. Bxc4 e6 7. Nf3 Bb4 8. Bd2 0-0 9. 0-0 c5 10. Qe2 cxd4 11. Nxd4 Bg4 12. Nf3 Nc6 13. Rfd1 Ne5 14. Be1 Qa5 15. Bb3 Nxf3+ 16. gxf3 Bh5 17. Bc2 Qg5+ 18. Kh1 Qe5 19. Rd4 Bd6 20. f4 Qxd4 21. exd4 Bxe2 22. Nxe2 Rac8 23. Bd3 Nd5 24. Bd2 Bb4 25. Bc1 g6 26. Kg2 Kg7 27. Be3 Rc7 28. b3 Rfc8 29. Kf3 a6 30. h3 Ne7 31. Rb1 Nf5 32. Rg1 Rd7 33. Rb1 Be7 34. Rd1 Bf6 35. Be4 Rcd8 36. Bxf5 exf5 37. Rc1 Rd6 38. Rc7 R8d7 39. Rc2 Rb6 40. Rc3 Rb4 41. Rd3 Rb6 42. Rc3 Rd5 43. Rd3 Rc6 44. Nc3 Rd7 45. Ne2 h6 46. Kg3 g5 47. fxg5 hxg5 48. f4 Re6 49. Kf3 Kg6 50. Kf2 g4 51. hxg4 fxg4 52. Ng3 Re8 53. f5+ Kh7 54. Nh5 Bh4+ 55. Kg2 Rd5 56. Ng3 Rc8 57. Ne4 Rc2+ 58. Bd2 Rxf5 59. d5 Rf4 60. Rd4 Rxe4 0-1

[Event "Karl Mala Memorial op 14th"]
[Site "Frankfurt"]
[Date "2011.07.08"]
[Round "3"]
[White "Rosenberger, Frank"]
[Black "Neuner, Johannes"]
[Result "1/2-1/2"]
[WhiteElo "2172"]
[BlackElo "1953"]
[PlyCount "83"]
[EventDate "2011.07.07"]
[EventType "swiss"]
[EventRounds "7"]
[EventCountry "GER"]
[SourceTitle "EXT 2012"]
[Source "ChessBase"]
[SourceDate "2011.11.24"]
[SourceVersion "1"]
[SourceVersionDate "2011.11.24"]
[SourceQuality "1"]

1. e4 c6 2. d4 d5 3. exd5 cxd5 4. c3 Bf5 5. Nf3 Nc6 6. Bf4 Nf6 7. Qb3 Qc8 8. Be2 h6 9. Ne5 e6 10. Nd2 Be7 11. h3 0-0 12. 0-0 a6 13. a4 Na5 14. Qa2 Ne4 15. Nxe4 Bxe4 16. Rfe1 b6 17. Bf1 Qb7 18. b4 Nc6 19. Nxc6 Qxc6 20. Qb2 Rfc8 21. Rec1 b5 22. axb5 axb5 23. Rxa8 Rxa8 24. Ra1 Ra6 25. Rxa6 Qxa6 26. Qe2 Qa1 27. Qxb5 Bg5 28. Bxg5 hxg5 29. Qe2 Qxc3 30. b5 Qxd4 31. Qe3 Qd1 32. f3 Bc2 33. b6 d4 34. Qxg5 Qb1 35. Qd8+ Kh7 36. Qxd4 e5 37. Qe3 f5 38. Kf2 Qb4 39. Kg1 Qb1 40. Qf2 Bd3 41. g3 Bxf1 42. Qxf1 1/2-1/2

[Event "Baden-ch op U2000"]
[Site "Haslach im Kinzigtal"]
[Date "2010.06.05"]
[Round "6"]
[White "Eisenbeis, Norman"]
[Black "Neuner, Johannes"]
[Result "1-0"]
[WhiteElo "2106"]
[BlackElo "1960"]
[PlyCount "59"]
[EventDate "2010.05.31"]
[EventType "swiss"]
[EventRounds "7"]
[EventCountry "GER"]
[SourceTitle "EXT 2011"]
[Source "ChessBase"]
[SourceDate "2010.11.26"]
[SourceVersion "1"]
[SourceVersionDate "2010.11.26"]
[SourceQuality "1"]

1. d4 Nf6 2. Nf3 g6 3. e3 Bg7 4. c4 0-0 5. Bd3 c5 6. 0-0 d6 7. Nc3 Na6 8. a3 Rb8 9. Rb1 Bd7 10. b4 Nc7 11. bxc5 dxc5 12. Ne5 cxd4 13. exd4 Be6 14. Be3 Nd7 15. f4 Nxe5 16. fxe5 b6 17. Qd2 Rc8 18. Ne2 Qd7 19. Bh6 Qa4 20. Bxg7 Kxg7 21. d5 Bg4 22. Qb2 Bxe2 23. Bxe2 Na6 24. Rf4 Nc5 25. Rh4 h5 26. Qc1 Nd7 27. Bxh5 Nxe5 28. Bd1 Qd7 29. Qh6+ Kf6 30. Rf4+ 1-0

[Event "Baden-ch op U2000"]
[Site "Haslach im Kinzigtal"]
[Date "2010.06.02"]
[Round "3"]
[White "Neuner, Johannes"]
[Black "Roesch, Mario"]
[Result "1/2-1/2"]
[WhiteElo "1960"]
[BlackElo "1562"]
[PlyCount "32"]
[EventDate "2010.05.31"]
[EventType "swiss"]
[EventRounds "7"]
[EventCountry "GER"]
[SourceTitle "EXT 2011"]
[Source "ChessBase"]
[SourceDate "2010.11.26"]
[SourceVersion "1"]
[SourceVersionDate "2010.11.26"]
[SourceQuality "1"]

1. d4 Nf6 2. c4 d6 3. Nf3 g6 4. g3 Bg7 5. Bg2 0-0 6. 0-0 Nfd7 7. Nc3 c5 8. e4 Nc6 9. Be3 Rb8 10. Qd2 cxd4 11. Nxd4 Nde5 12. b3 Qa5 13. h3 Bxh3 14. Bxh3 Nxd4 15. Kg2 Ndc6 16. Rac1 Rbd8 1/2-1/2